000 00449nam a2200181Ia 4500
001 22794
005 20260414150854.0
008 260414t2012||||xx |||||||||||||| ||spa||
041 _aESP
082 _a623.7469
_bB33
100 _aBeard, Randal W.
_eAUT
245 0 _aSmall unmanned aircraft :
_btheory and practice
260 _c2012
300 _axiii, 300 páginas :
_c26 cm.
650 _aCNM
654 _aCCN
942 _cLIB
_dJUS
_fJUS
_2ddc
_n
999 _c22794
_d22794